000 00541nam a22001697a 4500
008 120810t xxu||||| |||| 00| 0 spa d
020 _a978-987-20814-2-3
040 _aAR-FvUNAJ
_dAR-FvUNAJ
_eaacr2
082 1 4 _214
_a658.8
100 1 _aKastika, Eduardo
_9489
245 1 0 _aUsted puede ser creativo :
_bnuevas recomendaciones para innovar en las empresas /
_cEduardo Kastika
260 _aBuenos Aires :
_bInnovar,
_c2008
300 _a168 p.
650 1 7 _2unescot
_9397
_aMARKETING
650 1 7 _2unescot
_9425
_aCREATIVIDAD
942 _2ddc
_cLIBRO
999 _c164
_d164
980 _82
_gVirginia Figueroa